00742nam a22002297a 4500999001500000001000500015003000900020005001700029008004100046020001400087040003800101082002000139100002100159245004000180250001300220260006000233300004100293650002200334650002600356942001200382952011800394 c2430d24306491BD-DhUAP20210130094408.0200224r19951974enka|||| |||| 00| 0 eng d a471575661 aBD-DhUAPbEngcBD-DhUAPdBD-DhUAP 223a711.409 BAC aBacon, Edmund N. aDesign of cities /cEdmund N. Bacon arev. ed. aLondon :b Thames and Hudson, cc1974 [Reprinted 1995]. a336 pages :billustrations ;c25 cm. aSpace perception. aHarmony (Aesthetics). 2ddccBK 00102ddc4070aUAPCLbUAPCLcGeneral Stacksd2020-02-24o711.409 BACp3010006491r2020-02-24t1w2020-02-24yBK